|
|
|
|
| LEADER |
01100nam a2200325 4500 |
| 001 |
DLU090093700 |
| 005 |
##20091201 |
| 040 |
# |
# |
|a DLU
|b eng
|
| 041 |
# |
# |
|a eng
|
| 044 |
# |
# |
|a us
|
| 100 |
# |
# |
|a Sharpless, Charles M.
|
| 245 |
# |
# |
|a Experimental and model comparisons of low- and medium-pressure Hg lamps for the direct and H2O2 assisted UV photodegradation of N-nitrosodimethylamine in simulated drinking water /
|c Charles M. Sharpless, Karl G. Linden.
|
| 653 |
# |
# |
|a Chemical reaction kinetics
|
| 653 |
# |
# |
|a Drinking water treatment
|
| 653 |
# |
# |
|a Hydrogen peroxide
|
| 653 |
# |
# |
|a Oxidation
|
| 653 |
# |
# |
|a Photooxidation
|
| 653 |
# |
# |
|a Quantum yield
|
| 653 |
# |
# |
|a Ultraviolet radiation
|
| 700 |
# |
# |
|a Linden, Karl G.
|
| 773 |
# |
# |
|t Environmental Science & Technology
|g Vol. 37, no. 9 (May 2003), p. 1933-1940
|
| 920 |
# |
# |
|a Phòng Tạp chí -- Trung tâm Thông tin - Thư viện Trường Đại học Đà Lạt
|
| 994 |
# |
# |
|a DLU
|
| 900 |
# |
# |
|a True
|
| 911 |
# |
# |
|a Trương Bảo Trâm Anh
|
| 925 |
# |
# |
|a G
|
| 926 |
# |
# |
|a A
|
| 927 |
# |
# |
|a BB
|
| 980 |
# |
# |
|a Thư viện Trường Đại học Đà Lạt
|